Library Logo

Pioneer International University Library Catalogue

The French kiss : (Record no. 8891)

MARC details
000 -LEADER
fixed length control field 00592pam a2200217 i 4500
001 - CONTROL NUMBER
control field 1760720
003 - CONTROL NUMBER IDENTIFIER
control field OSt
005 - DATE AND TIME OF LATEST TRANSACTION
control field 20250901165748.0
008 - FIXED-LENGTH DATA ELEMENTS--GENERAL INFORMATION
fixed length control field 760302s1976 nyu 000 1 eng
010 ## - LIBRARY OF CONGRESS CONTROL NUMBER
LC control number 76006549
020 ## - INTERNATIONAL STANDARD BOOK NUMBER
International Standard Book Number 0690010990
040 ## - CATALOGING SOURCE
Original cataloging agency DLC
Transcribing agency DLC
Modifying agency DLC
050 00 - LIBRARY OF CONGRESS CALL NUMBER
Classification number PZ 4 .I84 Fr 1976
Item number Fr
Classification number PS3559.S74
082 00 - DEWEY DECIMAL CLASSIFICATION NUMBER
Classification number 813/.5/4
100 1# - MAIN ENTRY--PERSONAL NAME
Personal name Israel, Peter,
Dates associated with a name 1933-
245 14 - TITLE STATEMENT
Title The French kiss :
Remainder of title a novel /
Statement of responsibility, etc. by Peter Israel.
260 ## - PUBLICATION, DISTRIBUTION, ETC.
Place of publication, distribution, etc. New York :
Name of publisher, distributor, etc. Crowell,
Date of publication, distribution, etc. c1976.
300 ## - PHYSICAL DESCRIPTION
Extent 233 p. ;
Dimensions 21 cm.
906 ## - LOCAL DATA ELEMENT F, LDF (RLIN)
a 7
b cbc
c orignew
d 1
e ocip
f 19
g y-gencatlg
942 ## - ADDED ENTRY ELEMENTS (KOHA)
Source of classification or shelving scheme Library of Congress Classification
Koha item type Books
Holdings
Withdrawn status Lost status Source of classification or shelving scheme Damaged status Not for loan Home library Current library Shelving location Date acquired Total checkouts Full call number Barcode Date last seen Price effective from Koha item type
    Library of Congress Classification     Main Library Main Library   10/14/2024   PZ 4 .I84 Fr 1976 PIU0004000 10/14/2024 10/14/2024 Books